Normal view
MARC view
- Ethics.
Entry Topical Term
001 - CONTROL NUMBER
- control field: 49793
003 - CONTROL NUMBER IDENTIFIER
- control field: OSt
005 - DATE AND TIME OF LATEST TRANSACTION
- control field: 20231023110133.0
008 - FIXED-LENGTH DATA ELEMENTS
- fixed length control field: 231023|| aca||aabn | a|a d
040 ## - CATALOGING SOURCE
- Original cataloging agency: OSt
- Transcribing agency: OSt
150 ## - HEADING--TOPICAL TERM
- Topical term or geographic name entry element: Ethics.
670 ## - SOURCE DATA FOUND
- Source citation: Work cat.: (OSt): Zlatev, Julian J. author. 49792, Being "good" or "good enough" : , February 2020.
